000 00706cab a2200217 4500
001 ABS43471
008 090401t1990 xxu||||| |||| 00| 0 eng d
035 _a(Sirsi) u41893
041 _aeng
100 _aBurberry, P.
245 _aControlling the risk: code for condensation
260 _c1990
350 _a0
490 _aArchitects` Journal
_v192(13) 26 September 1990, 59-63(4)
520 _aDescribes the revision to BS 5250 the code for condensation which has been updated to include greater technical data and more advice for designers.
650 _aMOISTURE MOVEMENT
650 _aVENTILATION
690 _aBUILDING AND CONSTRUCTION-REGULATIONS
942 _n0
948 _c04/03/1997
999 _c26900
_d26900